000 00390nam a2200157 i 4500
001 76676
003 ES-MaACL
005 20230906172922.0
007 t|
008 041004s1925 ck ||||1| spa d
245 0 0 _aGuía del viajero en Colombia.
250 _a[1ª ed.].
260 _aBarranquilla :
_bSalvador López,
_c1925.
300 _a140 p., 1 lám.
852 _aES-MaACL
_j1690-F-5
999 _c76676
_d76676